000 00599cam a2200229 4500
008 970304 1986
020 _a0860221180
035 _a(Sirsi) u50407
041 0 _aeng
050 0 4 _a690.0285 $2 18
100 1 _aHamilton, Gavin
245 0 0 _aExpert systems for the construction and building services industry
260 _aBracknell
_bBSRIA
_c1986
300 _a52p.
_bill.
_c30cm.
350 _a15
490 _aTechnical Note
_v7/86 TN
650 _aBUILDING INDUSTRY
650 _aRESEARCH
700 _aHarrison, Anne
942 _n0
948 _c04/03/1997
999 _c92706
_d92706